[Event "28th NATO Chess 2017"]
[Site "masterchessopen.com Budapest HUN"]
[Date "2017.03.30"]
[Round "6.24"]
[White "Kersic,M"]
[Black "Maes,P"]
[Result "1-0"]
[WhiteElo "2167"]
[BlackElo "1906"]

1.e4 g6 2.d4 Bg7 3.Nc3 d6 4.f4 a6 5.Nf3 b5 6.Bd3 Nd7 7.e5 c5 8.Be3 Bb7 9.Be4
Qc7 10.O-O cxd4 11.exd6 exd6 12.Bxd4 Ndf6 13.Bxb7 Qxb7 14.Re1+ Kd7 15.Kh1 Nh6
16.Bxf6 Bxf6 17.Ne4 {#r} 1-0

[Event "ch-ROU 2017"]
[Site "masterchessopen.com Calimanesti-Caciulata ROU"]
[Date "2017.03.30"]
[Round "6.8"]
[White "Olinici,Emanuel"]
[Black "Nevednichy,V"]
[Result "0-1"]
[WhiteElo "2069"]
[BlackElo "2547"]

1.Nf3 g6 2.g3 Bg7 3.Bg2 e5 4.d3 d5 5.O-O Ne7 6.c4 c6 7.e4 d4 8.Nbd2 O-O 9.c5
Na6 10.Qc2 b6 11.cxb6 axb6 12.a3 c5 13.Ne1 Be6 14.f4 exf4 15.gxf4 Rc8 16.b3 b5
17.Bb2 f5 18.e5 Nd5 19.Bxd5 Bxd5 20.Ndf3 Qb6 21.Rb1 Bh6 22.Bc1 Nc7 23.h4 Ne6
24.Qh2 Ng7 25.Qf2 Rfd8 26.Kh2 Qa7 27.Rg1 Nh5 28.b4 cxb4 29.axb4 Rxc1 {#R} 0-1

[Event "ch-ROU 2017"]
[Site "masterchessopen.com Calimanesti-Caciulata ROU"]
[Date "2017.03.30"]
[Round "6.10"]
[White "Costachi,M"]
[Black "Ionescu,M"]
[Result "1-0"]
[WhiteElo "2460"]
[BlackElo "2274"]

1.d4 Nf6 2.c4 d6 3.Nf3 g6 4.g3 Bg7 5.Bg2 O-O 6.O-O Bf5 7.Nh4 Be4 8.f3 Bc6 9.e4
e5 10.Be3 exd4 11.Bxd4 Nbd7 12.Nc3 Re8 13.Qd2 a5 14.Rad1 b6 15.Qc2 Nh5 16.Bxg7
Kxg7 17.f4 Kg8 18.Nf3 Qe7 19.Nd4 Bb7 20.Nd5 Qd8 21.g4 Nhf6 22.Nxf6+ Nxf6 23.e5
Bxg2 24.Qxg2 Nd7 25.Nc6 Qc8 26.Qd5 Nc5 27.f5 Qd7 28.Kh1 Rf8 29.Qf3 Rae8 30.f6
Qe6 31.Ne7+ Rxe7 32.fxe7 Qxe7 33.exd6 cxd6 34.Rde1 Qg5 35.Re8 {#r} 1-0

[Event "ch-ROU 2017"]
[Site "masterchessopen.com Calimanesti-Caciulata ROU"]
[Date "2017.03.30"]
[Round "6.11"]
[White "Badea,B"]
[Black "Ognean,Mihnea-Ionut"]
[Result "1-0"]
[WhiteElo "2456"]
[BlackElo "2128"]

1.Nf3 c5 2.c4 Nc6 3.d4 cxd4 4.Nxd4 Nf6 5.Nc3 e6 6.a3 Bc5 7.Nb3 Bb6 8.e3 d5
9.cxd5 exd5 10.Be2 O-O 11.O-O Re8 12.Bf3 Be6 13.Na4 Bc7 14.Nac5 Qd6 15.g3 Bh3
16.Nxb7 Qe7 17.N7c5 Bxf1 18.Kxf1 Ne5 19.Bg2 Bb6 20.Na4 Bc7 21.Nc3 Rad8 22.Nd4
Qc5 23.Kg1 h5 24.h3 h4 25.Na4 Qf8 26.g4 Ne4 27.b3 a6 28.Ra2 Qd6 29.Rc2 Bb8
30.Nf5 Qf8 31.Bb2 g6 32.Nd4 Nd7 33.Nc6 Rc8 34.Qxd5 Ndf6 35.Qd3 Qd6 36.Qxd6
Bxd6 37.g5 Nd5 38.Rc4 f5 39.gxf6 Ndxf6 40.Bxf6 Nxf6 41.Rxh4 Kg7 42.Nb6 Rc7
43.Ra4 a5 44.Nc4 Rd7 45.Nd4 Ne4 46.Rxa5 Bf8 47.Ne5 Rde7 48.Ndc6 {#r} 1-0

[Event "ch-ROU 2017"]
[Site "masterchessopen.com Calimanesti-Caciulata ROU"]
[Date "2017.03.30"]
[Round "6.12"]
[White "Bida,M"]
[Black "Stancu,Robert-Alexandru"]
[Result "1-0"]
[WhiteElo "2449"]
[BlackElo "2088"]

1.d4 Nf6 2.c4 e6 3.Nc3 d5 4.cxd5 exd5 5.Bg5 Be7 6.e3 c6 7.Qc2 Nbd7 8.Nf3 Nh5
9.Bxe7 Qxe7 10.h3 g6 11.g4 Ng7 12.Bd3 Nb6 13.O-O-O Be6 14.Kb1 O-O-O 15.Na4
Nxa4 16.Qxa4 Kb8 17.Be2 h5 18.Rhg1 Bc8 19.Rd3 hxg4 20.hxg4 Ne6 21.Ne5 Nc7
22.Rb3 Nb5 23.Bxb5 cxb5 24.Qxb5 Ka8 25.f3 Rd6 26.Qc5 Rhd8 27.Rc1 Qe8 28.Qc7 f6
29.Nc6 Rxc6 30.Rxc6 Qxc6 31.Qxd8 Qc4 32.Rc3 Qf1+ 33.Rc1 {#r} 1-0

[Event "ch-ROU 2017"]
[Site "masterchessopen.com Calimanesti-Caciulata ROU"]
[Date "2017.03.30"]
[Round "6.13"]
[White "Toma,Ra"]
[Black "Ursan,Petru-Sebastian"]
[Result "1-0"]
[WhiteElo "2378"]
[BlackElo "2155"]

1.Nf3 g6 2.c4 c5 3.Nc3 Bg7 4.e3 Nf6 5.d4 O-O 6.Be2 cxd4 7.exd4 d5 8.b3 Nc6
9.O-O Bg4 10.Be3 e6 11.h3 Bxf3 12.Bxf3 Qa5 13.Rc1 dxc4 14.bxc4 Rfd8 15.Qb3
Nxd4 16.Bxd4 Rxd4 17.Qxb7 Rad8 18.Qb5 Qc7 19.c5 Rb8 20.c6 Ne8 21.Qa6 Rb6
22.Qe2 Qe5 23.a4 Qxe2 24.Nxe2 Rd8 25.a5 Rb2 26.Rc5 Nc7 27.Rfc1 Rdd2 28.Kf1 Kf8
29.Ke1 Bh6 30.Ra1 Ke7 31.Rc4 Ra2 32.Rcc1 Rdb2 33.Rxa2 Rxa2 34.Rd1 Rxa5 35.Rd7+
Ke8 36.Nc3 Rc5 37.Ne4 Rc1+ 38.Ke2 Nd5 39.Nd6+ Kf8 40.Bxd5 exd5 41.c7 {#r} 1-0

[Event "ch-ROU 2017"]
[Site "masterchessopen.com Calimanesti-Caciulata ROU"]
[Date "2017.03.30"]
[Round "6.15"]
[White "Dolana,A"]
[Black "Ghimpu,Samuel-Timotei"]
[Result "1-0"]
[WhiteElo "2310"]
[BlackElo "2007"]

1.d4 Nf6 2.c4 e6 3.Nc3 Bb4 4.f3 d5 5.a3 Bxc3+ 6.bxc3 c5 7.cxd5 exd5 8.e3 O-O
9.Bd3 Nc6 10.Ne2 Re8 11.O-O b6 12.Ng3 Bb7 13.Ra2 Rc8 14.Re2 cxd4 15.cxd4 Rc7
16.Bb2 Rd7 17.Rfe1 h5 18.Nh1 a6 19.Nf2 b5 20.Bb1 Qb6 21.Nd3 Na5 22.Nc5 Rdd8
23.Qd3 Nc4 24.Ba1 Bc8 25.e4 dxe4 26.fxe4 Bg4 27.Rf2 h4 28.Ref1 Qc6 29.Rf4 Ne5
30.Qc3 Ned7 31.Nxd7 Qxd7 {#r} 1-0

[Event "ch-ROU 2017"]
[Site "masterchessopen.com Calimanesti-Caciulata ROU"]
[Date "2017.03.30"]
[Round "6.18"]
[White "Gilea,L"]
[Black "Luca,Ionel"]
[Result "1-0"]
[WhiteElo "2255"]
[BlackElo "2089"]

1.d4 Nf6 2.c4 e6 3.g3 c5 4.d5 exd5 5.cxd5 b5 6.a4 Bb7 7.Bg2 c4 8.axb5 Qb6
9.Nc3 Bb4 10.e4 O-O 11.Ne2 a6 12.Be3 Qd8 13.O-O Re8 14.Qa4 a5 15.Qa2 d6
16.Qxc4 Nbd7 17.Qa2 Rc8 18.f3 Nb6 19.Rfd1 Nc4 20.Bd4 Nd7 21.Bh3 Nce5 22.Kg2
Ng6 23.Rac1 Rc7 24.b6 Rc8 25.Nb5 Rxc1 26.Rxc1 Nc5 27.Bxc5 dxc5 28.Nc7 Rf8
29.Qc4 Qf6 30.Nc3 Ne5 31.Qe2 Qxb6 32.N3b5 c4 33.f4 Nd3 34.Rxc4 Nc5 35.Bg4 g6
36.Bf3 Rc8 37.d6 Ne6 38.Nxe6 fxe6 39.Bg4 Kf7 40.Nc7 Bxd6 41.Bxe6+ Kg7 42.Bxc8
Bxc8 43.Ne8+ {#r} 1-0

[Event "ch-ROU 2017"]
[Site "masterchessopen.com Calimanesti-Caciulata ROU"]
[Date "2017.03.30"]
[Round "6.19"]
[White "Pisu,R"]
[Black "Vasiliu,Cosmin"]
[Result "1-0"]
[WhiteElo "2229"]
[BlackElo "2052"]

1.d4 Nf6 2.c4 Nc6 3.Nf3 d6 4.d5 Ne5 5.Nxe5 dxe5 6.Nc3 e6 7.e4 Bc5 8.Be2 O-O
9.O-O exd5 10.cxd5 Ne8 11.Kh1 f5 12.f4 Bd6 13.Qb3 exf4 14.Bxf4 fxe4 15.Bxd6
Nxd6 16.Rxf8+ Qxf8 17.Nb5 Nxb5 18.Qxb5 Kh8 19.Rf1 Qe7 20.d6 cxd6 21.Qg5 Qe8
22.Bh5 g6 23.Qf6+ Kg8 24.Bxg6 hxg6 25.Rf4 Bg4 26.Rxg4 Qf7 27.Rxg6+ Kf8
28.Qxd6+ {#r} 1-0

[Event "ch-ROU 2017"]
[Site "masterchessopen.com Calimanesti-Caciulata ROU"]
[Date "2017.03.30"]
[Round "6.26"]
[White "Zubcu,Vlad-George"]
[Black "Dracea,Gheorghe"]
[Result "0-1"]
[WhiteElo "2127"]
[BlackElo "1900"]

1.d4 Nf6 2.Bg5 Ne4 3.Bf4 d5 4.f3 Nf6 5.e4 dxe4 6.Nc3 exf3 7.Nxf3 Bg4 8.Bc4 e6
9.Qd3 c6 10.O-O-O Bd6 11.Bg5 Nbd7 12.Ne4 Be7 13.Ng3 Qc7 14.Kb1 O-O-O 15.Qe3
Bxf3 16.Qxf3 Nb6 17.Bb3 h6 18.Bf4 Bd6 19.Bd2 Bxg3 20.hxg3 Rxd4 21.Bf4 Rxd1+
22.Rxd1 e5 23.Be3 Nbd5 24.Bc5 Rd8 25.a4 b6 26.Bg1 Kb7 27.a5 e4 28.Qe2 Qxg3
29.a6+ Kc7 30.Bf2 Qg4 31.Qd2 Qxd1+ {#R} 0-1

[Event "ch-ROU 2017"]
[Site "masterchessopen.com Calimanesti-Caciulata ROU"]
[Date "2017.03.30"]
[Round "6.28"]
[White "Tufa,M"]
[Black "Marchidan,Costica"]
[Result "0-1"]
[WhiteElo "1983"]
[BlackElo "1718"]

1.e4 c5 2.c3 g6 3.d4 cxd4 4.cxd4 Bg7 5.Be3 d6 6.Nc3 Nf6 7.f3 O-O 8.g4 Nc6
9.Nge2 Nd7 10.Qd2 Nb6 11.Ng3 e5 12.d5 Nd4 13.Qg2 Qf6 14.Bxd4 exd4 15.Nd1 Bd7
16.Bd3 Na4 17.O-O Rac8 18.Qd2 Qh4 19.Nf2 Nc5 20.Be2 f5 21.exf5 gxf5 22.gxf5
Bxf5 23.f4 Bg6 24.Bg4 Rce8 25.Rae1 h5 26.f5 hxg4 27.fxg6 Rxe1 28.Rxe1 Nd7
29.Nd3 Bh6 30.Qg2 Be3+ 31.Kh1 Ne5 32.Qe4 Nxd3 33.Qxd3 {#R} 0-1

[Event "ch-ROU 2017"]
[Site "masterchessopen.com Calimanesti-Caciulata ROU"]
[Date "2017.03.30"]
[Round "6.29"]
[White "Hanga,W"]
[Black "Secrieru,Andrei-Cristian"]
[Result "1-0"]
[WhiteElo "1951"]
[BlackElo "1822"]

1.e4 c5 2.Nf3 e6 3.d4 cxd4 4.Nxd4 Nc6 5.Nb5 d6 6.c4 a6 7.N5c3 Nf6 8.Na3 Be7
9.Be2 Qc7 10.Be3 O-O 11.O-O b6 12.Rc1 Bb7 13.Nab1 Rac8 14.Nd2 Ne5 15.f3 Ned7
16.a3 Qb8 17.b4 Bd8 18.Kh1 Bc7 19.f4 Qa8 20.Bf3 Rfd8 21.Qe2 Rb8 22.Qf2 Rdc8
23.Rfd1 Kf8 24.h3 h5 25.Qh4 Bd8 26.Qe1 Bc7 27.Bg1 Ke7 28.Bh2 Rh8 29.f5 Ne5
30.Bxe5 dxe5 31.fxe6 fxe6 32.Qe3 Rbc8 33.Na4 Qa7 34.c5 b5 35.Nb6 Rcd8 36.Nb3
Rxd1+ 37.Rxd1 Ba8 38.Qg5 Kf7 39.Nd7 Nxe4 40.Bxh5+ Kg8 41.Qg6 Rxh5 42.Qe8+ Kh7
43.Qxh5+ Kg8 44.Qe8+ Kh7 45.Nf8+ Kg8 46.Nxe6+ Kh7 47.Qf7 Nf2+ 48.Qxf2 {#r} 1-0

[Event "ch-ROU 2017"]
[Site "masterchessopen.com Calimanesti-Caciulata ROU"]
[Date "2017.03.30"]
[Round "6.30"]
[White "Ion,Dragos-Cosmin"]
[Black "Albu,George"]
[Result "0-1"]
[WhiteElo "1810"]
[BlackElo "1950"]

1.d4 Nf6 2.c4 g6 3.Nc3 Bg7 4.e4 d6 5.f4 O-O 6.Nf3 c5 7.d5 e6 8.Be2 exd5 9.cxd5
Re8 10.Nd2 Na6 11.O-O Nc7 12.a4 Rb8 13.Qc2 Ng4 14.Nf3 f5 15.h3 fxe4 16.Ng5
Bd4+ 17.Kh1 Nf2+ 18.Rxf2 Bxf2 19.Ngxe4 Bd4 20.g4 Qh4 21.Kg2 Bd7 22.Bd2 Qe7
23.Bd3 b5 24.axb5 Nxb5 25.Ra6 Bg7 26.Bxb5 Bxb5 27.Rxd6 Bxc3 28.Re6 Qb7 29.Bxc3
Qxd5 30.Kg3 Rxe6 {#R} 0-1

[Event "ch-ROU 2017"]
[Site "masterchessopen.com Calimanesti-Caciulata ROU"]
[Date "2017.03.30"]
[Round "6.31"]
[White "Dan,Cr"]
[Black "David,Aurelian-Corneliu"]
[Result "1-0"]
[WhiteElo "1950"]
[BlackElo "2051"]

1.d4 Nf6 2.c4 e5 3.d5 Bc5 4.e3 O-O 5.Nf3 Re8 6.Be2 a5 7.O-O e4 8.Nd4 d6 9.b3
Nbd7 10.Bb2 Ne5 11.h3 Bd7 12.Nc3 Qc8 13.Kh2 Bf5 14.Na4 Ba7 15.Nb5 Bb8 16.Rc1
Qd8 17.Nd4 Bd7 18.Nc3 h6 19.Qc2 c5 20.Ndb5 Qe7 21.a4 Bf5 22.Nb1 Nfd7 23.g3 Qg5
24.Qd1 Nd3 25.Bxd3 exd3 26.Nd2 Nf6 27.Qf3 Re5 28.Bxe5 dxe5 29.d6 e4 30.Qf4 Qh5
31.h4 Ra6 32.Kg2 Qg6 33.Nc7 Nd7 34.Nxa6 Bxd6 35.h5 Qxh5 36.Qxd6 Qh3+ 37.Kg1
Nf6 38.f3 exf3 39.Rxf3 Ng4 40.Qd8+ Kh7 41.Qh4 {#r} 1-0

[Event "ch-ROU 2017"]
[Site "masterchessopen.com Calimanesti-Caciulata ROU"]
[Date "2017.03.30"]
[Round "6.34"]
[White "Maier,Mari2"]
[Black "Raduica,R"]
[Result "1-0"]
[WhiteElo "1991"]
[BlackElo "1946"]

1.d4 Nf6 2.Nf3 e6 3.c4 b6 4.g3 Bb7 5.Bg2 c5 6.O-O cxd4 7.Nxd4 Bxg2 8.Kxg2 d5
9.Bf4 Bd6 10.Qa4+ Qd7 11.Qxd7+ Kxd7 12.Bxd6 Kxd6 13.cxd5 Nxd5 14.e4 Nf6
15.Nb5+ Kc6 16.N1a3 Na6 17.Rac1+ Kd7 18.Rfd1+ Ke7 19.Nc7 Nxc7 20.Rxc7+ Ke8
21.Nb5 Rd8 22.Rxd8+ Kxd8 23.Rxa7 Rf8 24.Nd6 Nd7 25.Nc4 Kc8 26.Nd6+ Kd8 27.f4
Ke7 28.Nc4 Kd8 29.e5 f6 30.exf6 Rxf6 31.Ne5 Nxe5 32.fxe5 Rf5 33.Rxg7 h6 34.Rb7
{#r} 1-0

[Event "ch-ROU w 2017"]
[Site "masterchessopen.com Calimanesti-Caciulata ROU"]
[Date "2017.03.30"]
[Round "6.2"]
[White "Bulmaga,I"]
[Black "Visanescu,D"]
[Result "1-0"]
[WhiteElo "2388"]
[BlackElo "2036"]

1.e4 e6 2.d3 c5 3.Nf3 d5 4.Qe2 Nf6 5.g3 Nc6 6.Bg2 Be7 7.O-O b6 8.e5 Nd7 9.h4
Ba6 10.c3 h6 11.h5 Qc7 12.Re1 O-O-O 13.Na3 c4 14.d4 Rde8 15.b4 Nd8 16.Nc2 g5
17.Ne3 f5 18.exf6 Nxf6 19.Ne5 Bd6 20.Nf1 Rhg8 21.Nh2 Kb8 22.a4 Qg7 23.Bf3 g4
24.Nhxg4 Nxg4 25.Nxg4 Nf7 26.Ne5 Nxe5 27.dxe5 Be7 28.Bg2 Ref8 29.Be3 Bc8 30.b5
Qg4 31.Qxg4 Rxg4 32.Bxh6 Rh8 33.Be3 Bc5 34.Bf3 Rgg8 35.Kg2 Bd7 36.a5 Be8
37.axb6 Bxb6 38.Bxb6 axb6 39.Ra6 Kb7 40.Rea1 Bxb5 41.Ra7+ Kc6 42.Re7 Kc5
43.Rxe6 d4 44.Rd6 dxc3 45.Rd5+ Kc6 46.Rb1 Rf8 47.Be4 {#r} 1-0

[Event "ch-ROU w 2017"]
[Site "masterchessopen.com Calimanesti-Caciulata ROU"]
[Date "2017.03.30"]
[Round "6.9"]
[White "Ionescu,I"]
[Black "Porcoleanu,D"]
[Result "1-0"]
[WhiteElo "2253"]
[BlackElo "1584"]

1.e4 c5 2.g3 Nc6 3.Bg2 d6 4.d3 g6 5.f4 Bg7 6.Nf3 e6 7.O-O Nge7 8.c3 O-O 9.Be3
b6 10.Re1 e5 11.d4 cxd4 12.cxd4 Bd7 13.Nc3 Na5 14.dxe5 dxe5 15.Nxe5 Be6 16.b3
f6 17.Nf3 Nac6 18.Qe2 a6 19.Red1 Qb8 20.Nd5 Nc8 21.Rac1 Qb7 22.Nd4 Bd7 23.Nxc6
Bxc6 24.e5 Rb8 25.Nxf6+ Bxf6 26.Bxc6 {#r} 1-0

[Event "ch-URU 2017"]
[Site "masterchessopen.com Montevideo URU"]
[Date "2017.03.30"]
[Round "6.2"]
[White "Saralegui,M"]
[Black "Ulaneo,N"]
[Result "0-1"]
[WhiteElo "2111"]
[BlackElo "2167"]

1.d4 Nf6 2.c4 e6 3.Nc3 Bb4 4.e3 O-O 5.Ne2 Re8 6.a3 Bf8 7.Ng3 d5 8.Bd3 c5 9.O-O
Nc6 10.dxc5 Bxc5 11.b4 Bb6 12.c5 Bc7 13.Bb2 e5 14.Nh5 e4 15.Nxf6+ Qxf6 16.Nxd5
Bxh2+ 17.Kxh2 Qxb2 18.Bc4 Qe5+ 19.Kg1 Qg5 20.Nf4 Bg4 21.Be2 Rad8 22.Qc2 Bf3
23.Rfd1 Qg4 24.Kf1 g5 25.gxf3 exf3 26.Bxf3 Qxf3 27.Ng2 Qh3 28.Kg1 Ne5 29.Rxd8
Nf3+ 30.Kf1 Rxd8 31.Rd1 Rxd1+ 32.Qxd1 Qh1+ 33.Ke2 Qxg2 {#R} 0-1

[Event "11th ch-SRB w 2017"]
[Site "masterchessopen.com Zemun SRB"]
[Date "2017.03.30"]
[Round "2.1"]
[White "Nestorovic,Katarina"]
[Black "Djukic,Sa"]
[Result "0-1"]
[WhiteElo "2046"]
[BlackElo "2165"]

1.e4 e6 2.d4 d5 3.Nc3 Bb4 4.Ne2 dxe4 5.a3 Be7 6.Nxe4 Nf6 7.Qd3 Nbd7 8.N2c3 O-O
9.Be3 c6 10.O-O-O Nd5 11.Nxd5 cxd5 12.Nd2 a6 13.g4 b5 14.h4 Nb6 15.g5 Nc4
16.Nxc4 bxc4 17.Qc3 a5 18.Be2 Bd7 19.Rdg1 Qb6 20.Bf4 f6 21.g6 h6 22.Qe3 c3
23.Qxc3 Rfc8 24.Qe3 Ra7 25.Bd3 Rb7 26.Bxh6 Qxb2+ 27.Kd2 Rbc7 28.Ke2 Rxc2+
29.Bxc2 Rxc2+ 30.Kf1 Re2 31.Qxe2 Bb5 32.Qxb5 Qxb5+ 33.Kg2 gxh6 34.Rb1 Qe2
35.Rb8+ Bf8 36.Rg1 h5 37.g7 Kxg7 38.Kh3+ Kf7 39.Rb7+ Ke8 {#R} 0-1

[Event "11th ch-SRB w 2017"]
[Site "masterchessopen.com Zemun SRB"]
[Date "2017.03.30"]
[Round "2.2"]
[White "Chelushkina,I"]
[Black "Eric,J"]
[Result "1-0"]
[WhiteElo "2235"]
[BlackElo "2232"]

1.e4 c6 2.d3 d5 3.c3 e5 4.Nf3 Bd6 5.Be2 Ne7 6.O-O O-O 7.c4 Nd7 8.cxd5 cxd5
9.Nc3 d4 10.Nb5 Bc5 11.Na3 Nc6 12.Bg5 f6 13.Bd2 Qe7 14.Nc2 a5 15.Nh4 g6 16.g3
Nb6 17.Ne1 Be6 18.Neg2 Nc8 19.a3 Nd6 20.Rb1 g5 21.Nf3 a4 22.h4 h6 23.Nh2 Kg7
24.Bg4 Bb3 25.Qe2 b6 26.Rbc1 Ra7 27.Qe1 Bf7 28.f4 exf4 29.hxg5 hxg5 30.gxf4
Bg6 31.Qg3 Nf7 32.e5 f5 33.Bf3 Ncd8 34.fxg5 Nxe5 35.Rce1 Ndf7 36.Bd5 Qd6
37.Bxf7 Nxf7 38.Bf4 Qd5 39.Nf3 Re7 40.Rxe7 Bxe7 41.Re1 Bc5 42.Nfh4 Qd7 43.Nxg6
Kxg6 44.Nh4+ Kg7 45.g6 Nh6 46.Be5+ Kg8 47.Qg5 Ng4 48.g7 Rf7 49.Qh5 {#r} 1-0

[Event "ch-GER Women 2017"]
[Site "masterchessopen.com Bad Wiessee GER"]
[Date "2017.03.31"]
[Round "1.2"]
[White "Osmanodja,F"]
[Black "Just,A"]
[Result "1-0"]
[WhiteElo "2368"]
[BlackElo "1971"]

1.e4 e6 2.d4 d5 3.Nd2 c5 4.exd5 Qxd5 5.dxc5 Bxc5 6.Ngf3 Nf6 7.Bc4 Qh5 8.Qe2
O-O 9.Nf1 Bb6 10.Bg5 Nd5 11.Ng3 Qg6 12.O-O-O f6 13.Bd2 Nc6 14.Ne4 Rd8 15.h4
Kh8 16.h5 Qf7 17.h6 g6 18.Rhe1 Bd4 19.Nxd4 Nxd4 20.Qd3 Nb6 21.Be3 Nxc4 22.Qxc4
b5 23.Rxd4 Bb7 24.Qd3 Bd5 25.Nc3 b4 26.Nxd5 e5 27.Rxb4 Rxd5 28.Qb3 Qd7 29.Rb8+
Rxb8 30.Qxb8+ Qd8 31.Qxd8+ Rxd8 32.Rd1 {#r} 1-0

[Event "ch-GER Women 2017"]
[Site "masterchessopen.com Bad Wiessee GER"]
[Date "2017.03.31"]
[Round "1.3"]
[White "Lange,Cecilia"]
[Black "Schleining,Z"]
[Result "0-1"]
[WhiteElo "1951"]
[BlackElo "2346"]

1.e4 c5 2.Nf3 d6 3.d4 cxd4 4.Nxd4 Nf6 5.Nc3 Bd7 6.Be3 Ng4 7.Qd2 Nxe3 8.Qxe3
Nc6 9.Be2 g6 10.Nxc6 bxc6 11.O-O Bg7 12.Rad1 Qb6 13.Qxb6 axb6 14.Rd3 Bxc3
15.Rxc3 Rxa2 16.Rb3 b5 17.c4 Be6 18.Rb4 Kd7 19.f4 Bxc4 20.Bxc4 bxc4 21.Rb7+
Ke6 22.Rc1 Ra4 23.Kf2 c5 24.Kf3 Rc8 25.Rd1 Rb4 26.Rxb4 cxb4 27.Ke3 f5 28.Rd2
Rc5 29.Rc2 c3 30.g3 b3 31.Rc1 cxb2 32.Rb1 Rc2 33.Kd4 {#R} 0-1

[Event "ch-GER Women 2017"]
[Site "masterchessopen.com Bad Wiessee GER"]
[Date "2017.03.31"]
[Round "1.4"]
[White "Schneider,Jana"]
[Black "Kluge,He"]
[Result "1-0"]
[WhiteElo "2208"]
[BlackElo "1940"]

1.e4 c5 2.Nf3 Nc6 3.Bb5 e6 4.O-O a6 5.Bxc6 bxc6 6.e5 d5 7.exd6 Bxd6 8.d3 Qc7
9.Nbd2 Nf6 10.Nc4 Be7 11.Bd2 Nd5 12.Ba5 Qa7 13.Nfd2 O-O 14.Qf3 f6 15.Ne4 Qb8
16.Rfe1 f5 17.Nc3 Rf6 18.h3 Nb4 19.Re2 Bb7 20.Nb6 Qd8 21.a3 Rb8 22.axb4 cxb4
23.Nbd5 Qxd5 24.Nxd5 cxd5 25.Rae1 Bc8 26.Qf4 Rb7 27.Bc7 h6 28.Bd6 Bd8 29.Bxb4
g5 30.Qd4 Rg6 31.Bc3 Rh7 32.Qc5 Rc7 33.Qd6 Bd7 34.Rxe6 Rxe6 35.Rxe6 {#r} 1-0

[Event "ch-GER Women 2017"]
[Site "masterchessopen.com Bad Wiessee GER"]
[Date "2017.03.31"]
[Round "1.5"]
[White "Zimmer,Elke"]
[Black "Straub,N"]
[Result "0-1"]
[WhiteElo "1938"]
[BlackElo "2188"]

1.e4 g6 2.Nc3 Bg7 3.g3 c5 4.Bg2 Nc6 5.d3 d6 6.Be3 e6 7.Qd2 Rb8 8.a4 a6 9.Nge2
Nd4 10.O-O Ne7 11.f4 O-O 12.Nd1 b5 13.axb5 axb5 14.Nxd4 cxd4 15.Bf2 e5 16.c3
Nc6 17.h3 b4 18.f5 Na5 19.Qc2 bxc3 20.bxc3 gxf5 21.exf5 Bxf5 22.cxd4 exd4
23.Be1 Nb3 24.Ra3 Be6 25.Nf2 Nc5 26.Bd2 Qb6 27.Bf4 Be5 28.Bh6 Rfe8 29.Qd2 Qd8
30.g4 Rb3 31.Ra7 Qh4 32.Bg5 Qg3 33.Rd1 Bd5 34.Ne4 Nxe4 35.dxe4 Qh2+ 36.Kf1
Bc4+ {#R} 0-1

[Event "ch-GER Women 2017"]
[Site "masterchessopen.com Bad Wiessee GER"]
[Date "2017.03.31"]
[Round "1.6"]
[White "Jussupow,N"]
[Black "Roos,K"]
[Result "1-0"]
[WhiteElo "2161"]
[BlackElo "1836"]

1.d4 Nf6 2.e3 g6 3.Bd3 Bg7 4.Nd2 O-O 5.b4 d6 6.Bb2 Nbd7 7.Ne2 b6 8.O-O Bb7
9.c4 a5 10.b5 d5 11.Rc1 e6 12.c5 c6 13.a4 Rc8 14.Nb3 Re8 15.Qd2 Bf8 16.Bc3 Ba8
17.cxb6 cxb5 18.Bxa5 Nxb6 19.Rxc8 Qxc8 20.Bxb6 bxa4 21.Nc5 Nd7 22.Nxd7 Qxd7
23.Rc1 Bc6 24.Qc3 Bb5 25.Bc5 Ra8 26.Bxf8 Kxf8 27.Qc5+ {#r} 1-0

[Event "ch-GER Women 2017"]
[Site "masterchessopen.com Bad Wiessee GER"]
[Date "2017.03.31"]
[Round "1.7"]
[White "Grund,Melanie"]
[Black "Schulze,Lara"]
[Result "0-1"]
[WhiteElo "1804"]
[BlackElo "2157"]

1.d4 Nf6 2.e3 d5 3.Bd3 c5 4.c3 Nc6 5.f4 Bg4 6.Nf3 e6 7.O-O Be7 8.Qe1 O-O
9.Nbd2 Rc8 10.Ne5 Bf5 11.Bxf5 exf5 12.Qe2 g6 13.Ndf3 h5 14.Bd2 Ne4 15.Be1 Kg7
16.Nd2 Nxd2 17.Qxd2 Re8 18.Qe2 Bd6 19.Qf3 f6 20.Nxc6 bxc6 21.Bf2 Rb8 22.Rab1
Qa5 23.a3 c4 24.Qd1 Rb3 25.Qc2 Reb8 26.Rfe1 Qb6 27.Rec1 Rxb2 28.Rxb2 Qxb2
29.Qxb2 Rxb2 30.Be1 Bxa3 31.Ra1 Rb3 32.Kf1 Kf7 33.Ke2 Ke6 34.Kd1 a5 35.Bd2 Bb2
36.Rxa5 Bxc3 37.Bxc3 Rxc3 38.Ra8 Kd6 39.Ke2 Rc2+ 40.Kf3 Rb2 41.Ra3 Kc7 42.h3
Kb6 43.g4 fxg4+ 44.hxg4 h4 45.g5 fxg5 46.fxg5 h3 47.Kg3 h2 48.Ra1 c3 49.Rc1
Kb5 50.Kf3 Kc4 {#R} 0-1

[Event "ch-GER Women 2017"]
[Site "masterchessopen.com Bad Wiessee GER"]
[Date "2017.03.31"]
[Round "1.8"]
[White "Schmidt,Jad"]
[Black "Hielscher,U"]
[Result "1-0"]
[WhiteElo "2131"]
[BlackElo "1796"]

1.d4 d5 2.c4 c6 3.cxd5 cxd5 4.Nc3 Bf5 5.Qb3 Nc6 6.e3 Rb8 7.Qxd5 Qxd5 8.Nxd5 e6
9.Nc3 Nf6 10.Bd2 a6 11.Rc1 Bd6 12.f3 e5 13.d5 Ne7 14.e4 Bd7 15.Be3 O-O 16.Bd3
Ne8 17.Nge2 f5 18.O-O f4 19.Bf2 Rf6 20.Bc2 Rg6 21.Kh1 Nc8 22.Ba4 Bxa4 23.Nxa4
Rh6 24.Rc2 Be7 25.Nc1 Ned6 26.Nd3 b6 27.Nxe5 {#r} 1-0

[Event "ch-GER Women 2017"]
[Site "masterchessopen.com Bad Wiessee GER"]
[Date "2017.03.31"]
[Round "1.9"]
[White "Mao,Yvonne"]
[Black "Frey,Al"]
[Result "0-1"]
[WhiteElo "1762"]
[BlackElo "2055"]

1.e4 e5 2.Nf3 Nc6 3.Nc3 Nf6 4.a3 g6 5.d4 exd4 6.Nxd4 Bg7 7.Bg5 O-O 8.Be2 h6
9.Be3 Re8 10.f3 d5 11.Nxc6 bxc6 12.Qd2 Kh7 13.O-O Qe7 14.Bd3 c5 15.e5 Qxe5
16.Bxc5 d4 17.Ne4 Nd5 18.Rfe1 Bb7 19.c3 dxc3 20.Nxc3 Qh5 21.Be4 Nxc3 22.Bxb7
Qxc5+ 23.Kh1 Rxe1+ 24.Rxe1 Rb8 {#R} 0-1

[Event "ch-GER Women 2017"]
[Site "masterchessopen.com Bad Wiessee GER"]
[Date "2017.03.31"]
[Round "1.10"]
[White "Klotz,Sonja"]
[Black "Morosova,Svetlana"]
[Result "1-0"]
[WhiteElo "2005"]
[BlackElo "1674"]

1.e4 c5 2.Nc3 e6 3.f4 Nc6 4.Nf3 a6 5.a4 d6 6.g3 Qc7 7.Bg2 Nf6 8.d3 Be7 9.O-O
O-O 10.h3 Bd7 11.g4 Ne8 12.f5 f6 13.Be3 Nb4 14.Nh4 Rb8 15.Qd2 Qc8 16.Ne2 e5
17.c3 Nc6 18.d4 Nc7 19.Rfd1 Be8 20.Nf3 Na5 21.Qc2 Bf7 22.d5 c4 23.Nd2 b6
24.Bf1 Be8 25.Nc1 Na8 26.Na2 Bd8 27.Nb4 b5 28.axb5 Bxb5 29.Ra3 Bc7 30.Rda1 Qd8
31.Qb1 Rc8 32.Kg2 Bb6 33.Bxb6 Qxb6 34.Rxa5 Qe3 35.Qe1 {#r} 1-0

[Event "11th ch-SRB 2017"]
[Site "masterchessopen.com Kragujevac SRB"]
[Date "2017.03.31"]
[Round "9.1"]
[White "Radovanovic,Mihajlo"]
[Black "Perunovic,Mil"]
[Result "0-1"]
[WhiteElo "2357"]
[BlackElo "2611"]

1.d4 d5 2.c4 c6 3.Nf3 Nf6 4.g3 dxc4 5.Bg2 g6 6.Ne5 Bg7 7.Nxc4 Be6 8.Ne5 Bd5
9.O-O Bxg2 10.Kxg2 Nbd7 11.Nd3 Qb6 12.Qa4 O-O 13.Nc3 c5 14.Be3 cxd4 15.Bxd4
Qd6 16.Bxf6 Nxf6 17.Rfd1 Rfc8 18.Ne4 Qe6 19.Nxf6+ Bxf6 20.Nf4 Rc4 21.Qb5 Qe4+
22.f3 Qc6 23.Qxc6 Rxc6 24.Rd2 e6 25.Nd3 a5 26.Rc1 Rxc1 27.Nxc1 Rc8 28.Nd3 Kf8
29.f4 h5 30.Kf3 b5 31.a3 Ke8 32.h3 Rc4 33.Nf2 Be7 34.Ne4 Rc1 35.g4 Rf1+ 36.Nf2
hxg4+ 37.hxg4 Bh4 38.e4 e5 39.f5 gxf5 40.gxf5 Ke7 41.Kg2 Rxf2+ 42.Rxf2 Bxf2
43.Kxf2 Kf6 44.b3 Kg5 45.Kg3 f6 46.a4 b4 47.Kf3 Kh4 {#R} 0-1